000 00661nam a22002057a 4500
005 20251108165327.0
008 250721s2008 xx 000 0 ara d
020 _a9771442546
082 1 4 _aط/ق/إيو
100 1 _aإيومي، أنتونين
245 1 0 _aمغامرة في فرنسا : أين اختفت الموناليزا ؟ /
264 1 _aالقاهرة :
_bنهضة مصر،
_c2008.
300 _a45ص.
490 0 _aديزني: جولة حول العالم
650 1 7 _aادب الاطفال
650 1 7 _aالقصص القصيره
653 _aاطفال مرحله متوسطه (6-9) سنوات
942 _2ddc
_cBK
999 _c25188
_d25188